00357nam a2200133Ia 4500008004100000020001300041040002900054050002000083100002600103245004000129260003200169942000700201999001500208221222s9999||||xx |||||||||||||| ||und|| a72862939 cChuka University Library aP 90 bF86 2005 aMargret H Defleur914 0aFundamentals of human communication aMcGraw-HillbNew Yorkc2005 cBK c4397d4397